000 00864nam a2200265 i 4500
001 66511
003 ES-MaACL
005 20250915180942.0
007 t|
008 040226s2003 sp ||||1| spa d
020 _a84-8432-425-7
080 _a52
100 1 _aUpgren, Arthur.
_9112047
245 1 3 _aLa tortuga y las estrellas :
_bobservaciones de un astrónomo desde la tierra /
_cArthur Upgren ; traducción castellana de Ignacio Zúñiga.
260 _aBarcelona :
_bCrítica,
_c[2003]
300 _a286 p. :
_bil. ;
_c24 cm.
490 1 _aDrakontos
504 _aBibliografía p. 265-268.
650 _aAstronomía-
_vObras de divulgación.
_910390
650 4 _aCiencia-
_vObras de divulgación
_910959
700 1 _aZúñiga, Ignacio.
_9118515
830 1 _aDrakontos
_9179166
852 4 _aES-MaACL
_jL-27009
999 _c66511
_d66511